栃木県の市町村(1968年) - Statistics

General Stats
  • This quiz has been taken 19 times
  • The average score is 34 of 49
Answer Stats
コード 市町村 備考 % Correct
09201 宇都宮市
100%
09206 日光市
100%
09202 足利市
91%
09204 佐野市
91%
09205 鹿沼市
91%
09207 今市市 2006年消滅
91%
09209 真岡市
91%
09203 栃木市
82%
09208 小山市
82%
09210 大田原市
82%
09211 矢板市
73%
09301 河内郡上三川町
73%
09304 河内郡河内町 2007年消滅
73%
09341 芳賀郡二宮町 2009年消滅
73%
09343 芳賀郡茂木町
73%
09345 芳賀郡芳賀町
73%
09361 下都賀郡壬生町
73%
09364 下都賀郡野木町
73%
09384 塩谷郡塩谷町
73%
09386 塩谷郡高根沢町
73%
09407 那須郡那須町
73%
09408 那須郡黒磯町 1970年昇格
73%
09409 那須郡西那須野町 2005年消滅
73%
09302 河内郡南河内村 1971年昇格
64%
09303 河内郡上河内村 1994年昇格
64%
09321 上都賀郡西方村 1994年昇格
64%
09342 芳賀郡益子町
64%
09344 芳賀郡市貝村 1972年昇格
64%
09362 下都賀郡石橋町 2006年消滅
64%
09363 下都賀郡国分寺町 2006年消滅
64%
09365 下都賀郡大平町 2010年消滅
64%
09366 下都賀郡藤岡町 2010年消滅
64%
09368 下都賀郡都賀町 2010年消滅
64%
09385 塩谷郡氏家町 2005年消滅
64%
09387 塩谷郡喜連川町 2005年消滅
64%
09401 那須郡南那須村 1971年昇格
64%
09402 那須郡烏山町 2005年消滅
64%
09406 那須郡黒羽町 2005年消滅
64%
09422 安蘇郡葛生町 2005年消滅
64%
09322 上都賀郡粟野町 2006年消滅
55%
09323 上都賀郡足尾町 2006年消滅
55%
09367 下都賀郡岩舟町 2014年消滅
55%
09383 塩谷郡藤原町 2006年消滅
55%
09403 那須郡馬頭町 2005年消滅
55%
09421 安蘇郡田沼町 2005年消滅
55%
09381 塩谷郡塩原町 1982年郡変更
45%
09382 塩谷郡栗山村 2006年消滅
45%
09404 那須郡小川町 2005年消滅
45%
09405 那須郡湯津上村 2005年消滅
45%
No matching quizzes found
Score Distribution
Percent of People with Each Score
Percentile by Number Answered
Your Score History
You have not taken this quiz